Proizvodstvo i ekspluatacija instrumenta : Vypusk 7

Salvato in:
Dettagli Bibliografici
Natura: Libro
Lingua:russo
Pubblicazione: Moskva : Mašgiz, 1955
Tags: Aggiungi Tag
Nessun Tag, puoi essere il primo ad aggiungerne!!

MARC

LEADER 00000nam a22000003a 4500
001 stu40980
005 20141122044509.2
008 930609s1955----xxr-----------------rus-d
040 |a STU  |b slo 
041 0 |a rus 
044 |a xxr 
245 |a Proizvodstvo i ekspluatacija instrumenta :  |b Vypusk 7 
260 |a Moskva :  |b Mašgiz,  |c 1955 
300 |a 210 s 
996 |b 284M020097  |c M*3616/7-1  |l MMKN  |s A  |a 24  |w stu40980_0001